000 00987nam0a22002531 4500
001 rc\4828947
005 20250612225802.0
021 _aRU
_b[69-14863]
035 _a(NLR Aleph) 008887137
090 _a8618907
_c8618907
100 _a20130426d1968 |||y0rusy50 ca
101 0 _arus
102 _aRU
105 _ay z |||||
200 1 _aТаблицы характеристики крупных экономико-географических районов СССР
_eМетод. пособие для студентов-заочников
_fЦентросоюз. Караганд. кооп. ин-т
210 _aКараганда
_cБ. и.
_d1968
215 _a23 с.
_d20
607 _aСССР
_xЭкономическое районирование
_jПособия для заочников
_2psbo
712 0 2 _aКарагандинский кооп. ин-т
801 0 _aRU
_bNLR
_gpsbo
801 1 _aRU
_bELAR
_2rusmarc
852 _aNLR
_j69-4/7952
942 _cBOOK
980 _aNB